Statistiques concernant Participant de "On appelle des gens au hasard"

Cliquez ici pour prendre le quiz!

Statistiques générales

  • Ce quiz a été pris 45 fois
  • Le résultat moyen est 7 sur 10

Statistiques - réponses

VidéoFeat% Correct
4Squeezie
98%
10Squeezie
98%
2Natoo
88%
6Mister V
78%
9Pierre Niney
78%
8Gad Elmaleh
63%
1Pierre Croce
59%
7Patrick Bruel
54%
5Amixem
39%
3Seb la frite
34%

Distribution des résultats

Percentile par nombre de réponses

% des personnes avec chaque résultat

Votre développement - résultats

Vous n’avez pas pris ce quiz